<?xml version="1.0" encoding="UTF-8"?>
<record
    xmlns:xsi="http://www.w3.org/2001/XMLSchema-instance"
    xsi:schemaLocation="http://www.loc.gov/MARC21/slim http://www.loc.gov/standards/marcxml/schema/MARC21slim.xsd"
    xmlns="http://www.loc.gov/MARC21/slim">

  <leader>01401    a2200301   4500</leader>
  <controlfield tag="003">OSt</controlfield>
  <controlfield tag="005">20180116192353.0</controlfield>
  <controlfield tag="008">120601t        xxu||||| |||| 00| 0 eng d</controlfield>
  <datafield tag="010" ind1=" " ind2=" ">
    <subfield code="a">  2001278841</subfield>
  </datafield>
  <datafield tag="020" ind1=" " ind2=" ">
    <subfield code="a">0714840033</subfield>
  </datafield>
  <datafield tag="020" ind1=" " ind2=" ">
    <subfield code="a">97800714840033</subfield>
  </datafield>
  <datafield tag="035" ind1=" " ind2=" ">
    <subfield code="a">(OCoLC)ocm48078318</subfield>
  </datafield>
  <datafield tag="040" ind1=" " ind2=" ">
    <subfield code="c">0</subfield>
  </datafield>
  <datafield tag="082" ind1="0" ind2="0">
    <subfield code="a">726.70944</subfield>
  </datafield>
  <datafield tag="245" ind1="0" ind2="0">
    <subfield code="a">Architecture of truth :</subfield>
    <subfield code="b">the Cistercian Abbey of Le Thoronet /</subfield>
    <subfield code="c">[photographs by] Lucien Herv&#xEF;&#xBF;&#xBD;e.</subfield>
  </datafield>
  <datafield tag="246" ind1="3" ind2="0">
    <subfield code="a">Cistercian Abbey of Le Thoronet</subfield>
  </datafield>
  <datafield tag="260" ind1=" " ind2=" ">
    <subfield code="a">London ;</subfield>
    <subfield code="a">New York, NY :</subfield>
    <subfield code="b">Phaidon Press,</subfield>
    <subfield code="c">c2001.</subfield>
  </datafield>
  <datafield tag="300" ind1=" " ind2=" ">
    <subfield code="a">159, [1] p. :</subfield>
    <subfield code="b">ill., plan ;</subfield>
    <subfield code="c">30 cm.</subfield>
  </datafield>
  <datafield tag="500" ind1=" " ind2=" ">
    <subfield code="a">"Lucien Herve's photographs ... previously published in French by Arthaud under the title 'La Plus Grande Aventure du monde' (1956) and in  English as 'Architecture of Truth' by Thames and Hudson and George Braziller (1957). This book is a newly created volume that presents these classic photographs alongside quotations and new texts in an original design"--Colophon.</subfield>
  </datafield>
  <datafield tag="500" ind1=" " ind2=" ">
    <subfield code="a">Additional page of text inserted.</subfield>
  </datafield>
  <datafield tag="610" ind1="2" ind2="0">
    <subfield code="a">Le Thoronet (Abbey)</subfield>
    <subfield code="9">3641</subfield>
  </datafield>
  <datafield tag="650" ind1="1" ind2="0">
    <subfield code="a">Cistercian architecture</subfield>
    <subfield code="z">France</subfield>
    <subfield code="z">Le Thoronet</subfield>
    <subfield code="9">3642</subfield>
  </datafield>
  <datafield tag="700" ind1="1" ind2=" ">
    <subfield code="a">Herv&#xEF;&#xBF;&#xBD;e, Lucien.</subfield>
    <subfield code="9">3643</subfield>
  </datafield>
  <datafield tag="700" ind1="1" ind2=" ">
    <subfield code="a">Cali, Fran&#xEF;&#xBF;&#xBD;cois.</subfield>
    <subfield code="9">3644</subfield>
  </datafield>
  <datafield tag="700" ind1="1" ind2=" ">
    <subfield code="a">Cali, Fran&#xEF;&#xBF;&#xBD;cois.</subfield>
    <subfield code="9">3645</subfield>
  </datafield>
  <datafield tag="942" ind1=" " ind2=" ">
    <subfield code="a">SADA</subfield>
    <subfield code="c">BK</subfield>
    <subfield code="k">726.70944 ARC 2001</subfield>
    <subfield code="2">ddc</subfield>
  </datafield>
  <datafield tag="999" ind1=" " ind2=" ">
    <subfield code="c">353005</subfield>
    <subfield code="d">353005</subfield>
  </datafield>
  <datafield tag="952" ind1=" " ind2=" ">
    <subfield code="0">0</subfield>
    <subfield code="1">0</subfield>
    <subfield code="2">ddc</subfield>
    <subfield code="4">0</subfield>
    <subfield code="7">0</subfield>
    <subfield code="a">SADA</subfield>
    <subfield code="b">SADA</subfield>
    <subfield code="d">2011-05-20</subfield>
    <subfield code="l">2</subfield>
    <subfield code="m">2</subfield>
    <subfield code="o">726.70944 ARC 2001</subfield>
    <subfield code="p">SADA0001051</subfield>
    <subfield code="r">2015-12-18</subfield>
    <subfield code="s">2015-11-19</subfield>
    <subfield code="v">2869.00</subfield>
    <subfield code="w">2011-08-05</subfield>
    <subfield code="y">BK</subfield>
  </datafield>
</record>
